Text book in rorschach test diagnosis: For psychologists, physicians and teachers (Record no. 1338373)

MARC details
000 -LEADER
fixed length control field 00589nam a2200193Ia 4500
005 - DATE AND TIME OF LATEST TRANSACTION
control field 20250508152729.0
008 - FIXED-LENGTH DATA ELEMENTS--GENERAL INFORMATION
fixed length control field 008 250505s9999 xx 000 0 eng d
037 ## - SOURCE OF ACQUISITION
Stock number Textual
040 ## - CATALOGING SOURCE
Original cataloging agency FEDL
Language of cataloging eng
Transcribing agency FEDL
041 ## - LANGUAGE CODE
Language code of text/sound track or separate title eng
Source of code eng
084 ## - COLON CLASSIFICATION NUMBER
Classification number 155.284 2, BOH
Assigning agency FEDL
100 ## - MAIN ENTRY--PERSONAL NAME
Personal name Bohm Ewald
9 (RLIN) 762238
245 #0 - TITLE STATEMENT
Title Text book in rorschach test diagnosis: For psychologists, physicians and teachers
260 ## - PUBLICATION, DISTRIBUTION, ETC.
Place of publication, distribution, etc. New York, USA
Name of publisher, distributor, etc. Grune and Stratton
Date of publication, distribution, etc. 1958
300 ## - PHYSICAL DESCRIPTION
Extent xi,322p
650 ## - SUBJECT ADDED ENTRY--TOPICAL TERM
Topical term or geographic name entry element Personality
942 ## - ADDED ENTRY ELEMENTS (KOHA)
Koha item type Textual
Classification part 155.284 2, BOH
Holdings
Withdrawn status Lost status Damaged status Not for loan Home library Current library Date acquired Total Checkouts Full call number Barcode Date last seen Price effective from Koha item type
        Department of Education Library Department of Education Library 2025-05-08   155.284 2, BOH EL0020630 2025-05-08 2025-05-08 Textual
Copyright @ Delhi University Library System